[Event "Umuarama JOJUPS Cup (Women)"]
[Site "Umuarama"]
[Date "2013.??.??"]
[Round "5"]
[White "Silva, Natalia Schimitz Ri"]
[Black "Anjos, Diovana Ferreira Do"]
[Result "1-0"]
[WhiteElo "1774"]
[BlackElo "1580"]
[PlyCount "103"]
[EventDate "2013.10.19"]
[EventType "team-swiss"]
[EventRounds "6"]
[EventCountry "BRA"]
[SourceTitle "EXT 2014"]
[Source "ChessBase"]
[SourceDate "2013.11.20"]
[SourceVersion "1"]
[SourceVersionDate "2013.11.20"]
[SourceQuality "1"]
[WhiteTeam "Maringa (W)"]
[BlackTeam "Curitiba (W)"]
[WhiteTeamCountry "BRA"]
[BlackTeamCountry "BRA"]

1. e4 c5 2. Nf3 Nc6 3. d4 cxd4 4. Nxd4 g6 5. Nc3 Bg7 6. Be3 Qb6 7. Nb3 Qb4 8. Qd2 Bxc3 9. Qxc3 Qxc3+ 10. bxc3 Nf6 11. f3 0-0 12. Bh6 Rd8 13. Rd1 e5 14. Bg5 Kg7 15. Rd6 Ne8 16. Rxc6 dxc6 17. Bxd8 Be6 18. Bh4 b6 19. Be2 a5 20. 0-0 a4 21. Nc1 c5 22. a3 f6 23. Rd1 g5 24. Bf2 Kf7 25. Bb5 Nc7 26. Be2 Ke7 27. c4 Ne8 28. Bd3 Nd6 29. Ne2 Ra5 30. Be1 Ra6 31. Nc3 Bxc4 32. Nd5+ Kf7 33. Bxc4 Nxc4 34. Nc7 Ra7 35. Nb5 Re7 36. Nd6+ Nxd6 37. Rxd6 Rb7 38. c3 Ke7 39. Rd5 Ke6 40. Kf2 Rd7 41. Rxd7 Kxd7 42. c4 Kc6 43. Ke3 b5 44. cxb5+ Kxb5 45. Kd3 h5 46. h4 c4+ 47. Kc3 Kc5 48. hxg5 fxg5 49. Bd2 g4 50. fxg4 hxg4 51. Bg5 Kd6 52. Kxc4 1-0